| 000 | 01121nam a2200253Ia 4500 | ||
|---|---|---|---|
| 001 | 225.33-GLNT (13662) | ||
| 003 | IT-MiSPE | ||
| 008 | 171229s9999||||xx |||||||||||||| ||und|| | ||
| 040 |
_aIT-MiSPE _cIT-MiSPE |
||
| 041 | _aITALIANO | ||
| 100 | _aGerhard Kittel | ||
| 240 | _aTheologisches Wörterbuch zum Neuen Testament | ||
| 245 | 0 |
_aGrande lessico del Nuovo Testamento _bIV. E - Kal |
|
| 250 | _a1a ed. (v) | ||
| 260 |
_aBrescia _bPaideia _c1968 |
||
| 300 |
_aXVI, 1580 col. [16 v.] _c25 cm |
||
| 490 | _v 4° | ||
| 501 | _aEdizioni San Paolo srl - Piazza Soncino, 5 - 20092 CINISELLO BALSAMO (MI) (non commercial uses only) ® Copyright 2018 | ||
| 520 | _aAltri autori: Felice Montagnini, Giuseppe Scarpat (ed. it.) | ||
| 700 | _aGerhard Friedrich | ||
| 942 | _cBK | ||
| 957 | _71 | ||
| 999 |
_a32 _bNO _g Copie: 1 _c338752 _d338752 |
||